| 000 | 00497nam a22001817a 4500 | ||
|---|---|---|---|
| 003 | CEME | ||
| 005 | 20210628205348.0 | ||
| 008 | 210312b xxu||||| |||| 00| 0 eng d | ||
| 020 | _a0-02-800675-5 | ||
| 040 | _c. | ||
| 082 | _a621.3191 SCH'E | ||
| 100 |
_aSchultz, Mitchel E _921044 |
||
| 245 | _aElectric circuits a text and software problems manual | ||
| 260 |
_aNEWYORK _bGLENCOE _c1993 |
||
| 300 | _aVII, 215P | ||
| 650 |
_aELECTRIC CIRCUITS ELECTRONIC CIRCUITS _975133 |
||
| 942 |
_cBK _2ddc |
||
| 999 |
_c580614 _d580614 |
||